Математика. Кн. 2 (Запись № 11883316)
[ простой вид ]
| 000 -МАРКЕР | |
|---|---|
| контрольное поле | 02078nam2a2200253 4500 |
| 001 - ИДЕНТИФИКАТОР ЗАПИСИ | |
| контрольное поле | RU\NLR\BIBL_A\011477726 |
| 005 - ИДЕНТИФИКАТОР ВЕРСИИ | |
| контрольное поле | 20170929144548.0 |
| 010 ## - МЕЖДУНАРОДНЫЙ СТАНДАРТНЫЙ НОМЕР КНИГИ (ISBN) | |
| Номер (ISBN) | 978-5-7755-3813-2 |
| Уточнения | кн. 2 |
| 021 ## - НОМЕР ГОСУДАРСТВЕННОЙ РЕГИСТРАЦИИ | |
| Код страны | Российская Федерация |
| Номер | 2017-66598 |
| Номер Листа государственной регистраци | 4711 |
| 021 ## - НОМЕР ГОСУДАРСТВЕННОЙ РЕГИСТРАЦИИ | |
| Код страны | Российская Федерация |
| Номер | КН-П-18-048308 |
| Номер Листа государственной регистраци | КН-П-18-3490 |
| 035 ## - ДРУГИЕ СИСТЕМНЫЕ НОМЕРА | |
| Идентификатор записи | (NLR Aleph) 011477726 |
| 035 ## - ДРУГИЕ СИСТЕМНЫЕ НОМЕРА | |
| Идентификатор записи | (RuMoRGB)009382838 |
| 100 ## - ДАННЫЕ ОБЩЕЙ ОБРАБОТКИ | |
| Данные общей обработки | 20170925d2018 d y0rusy50 ca |
| 101 0# - ЯЗЫК РЕСУРСА | |
| Язык текста, звукозаписи и т.д. | русский |
| 102 ## - СТРАНА ПУБЛИКАЦИИ ИЛИ ПРОИЗВОДСТВА | |
| Страна публикации | Российская Федерация |
| 105 ## - ПОЛЕ КОДИРОВАННЫХ ДАННЫХ: ТЕКСТОВЫЕ МАТЕРИАЛЫ, МОНОГРАФИЧЕСКИЕ | |
| Кодированные данные о монографическом текстовом документе | a|||j|||000zy |
| 200 0# - ЗАГЛАВИЕ И СВЕДЕНИЯ ОБ ОТВЕТСТВЕННОСТИ | |
| Основное заглавие | Кн. 2 |
| 215 ## - ФИЗИЧЕСКАЯ ХАРАКТЕРИСТИКА | |
| Специфическое обозначение материала и объем | 127 с. |
| Другие сведения о физической характеристике | ил., цв. ил. |
| 461 #0 - УРОВЕНЬ НАБОРА | |
| Встроенное поле | 001RU\NLR\BIBL_A\011477723 |
| -- | 2001#$aМатематика$eучебник для 4 класса начальной школы$e[система Д.Б. Эльконина - В.В. Давыдова$eсоответствует Федеральному государственному образовательному стандарту и Примерной основной образовательной программе начального общего образования]$aв 2-х книгах$fВ.В. Давыдов, С.Ф. Горбов, Г.Г. Микулина$vКн. 2 |
| -- | 700#1$aДавыдов$bВ. В.$cд-р психол. наук, математик$f1930-1998$gВасилий Васильевич$3RU\NLR\AUTH\7726928 |
| Системный номер (АБИС) связанной записи | 11883302 |
| Автор | Давыдов, В. В. (д-р психол. наук, математик ; 1930-1998) |
| Место публикации | Москва |
| Дата публикации | 2018 |
| Издание | 13-е изд. |
| Первые сведения об ответственности | В.В. Давыдов, С.Ф. Горбов, Г.Г. Микулина |
| Имя издателя, распространителя и т.д. | Вита-пресс |
| Сведения, относящиеся к заглавию | учебник для 4 класса начальной школы : [система Д.Б. Эльконина - В.В. Давыдова : соответствует Федеральному государственному образовательному стандарту и Примерной основной образовательной программе начального общего образования] |
| Заглавие | Математика |
| ISBN | 9785775538149 |
| Номер тома | Кн. 2 |
| 942 ## - ДОПОЛНИТЕЛЬНЫЕ ЭЛЕМЕНТЫ ЗАПИСИ (АБИС) | |
| Тип экземпляра АБИС | Книга |
| 980 ## - КОЛЛЕКЦИЯ | |
| Название коллекции | Национальная библиография |
| Тип экземпляра | Дата поступления | Источник поступления | Стоимость | Библиотека постоянного хранения | Библиотека текущего хранения | Место хранения | Штрих-код | Статус экземпляра | Шифр хранения |
|---|---|---|---|---|---|---|---|---|---|
| Книга | 25.09.2017 | Обязательный экземпляр | 0.00 | РНБ (Московский) | РНБ (Московский) | Обменный фонд | 1-1999936 | ||
| Книга | 25.09.2017 | Обязательный экземпляр | 0.00 | РНБ (Московский) | РНБ (Московский) | Русский книжный фонд: издания с 1957 года | 1-1999932 | 2017-5/6692 | |
| Книга | 02.08.2018 | Обязательный экземпляр | РНБ (Московский) | РНБ (Московский) | Обменный фонд | 1-2380851 | |||
| Книга | 02.08.2018 | Обязательный экземпляр | РНБ (Московский) | РНБ (Московский) | Обменный фонд | 1-2380855 |